01474nam a2200337 i 450000500170000000700030001700800410002002000180006104000350007904100080011408200200012210000350014224501390017725000230031626400540033930000670039333600270046033700330048733800280052049000440054850400380059252100390063054500580066965000390072765000670076665000610083365000670089465000800096165100610104170000340110220220317002043.0ta201124s2016 ck abo er|||| 00| 0dspa d a9789587387490 aCO-BoRNBPbspaerdacCO-BoRNBP0 aspa04a303.6bQ83v2221 aQuiceno Toro, Natalia eautora10aVivir sabroso bluchas y movimientos afroatrateños, en Bojayá, Chocó, ColombiacNatalia Quiceno Toro ; prólogo Marcio Goldman  aPrimera edición  1aBogotábEditorial Universidad del Rosarioc2016 a259 páginas bilustraciones, mapas y fotografías c24 cm 2rdacontentatextobtxt 2rdamediaasin mediaciónbn 2rdacarrieravolumenbnc0 aColección textos de ciencias humanas  aBibliografía: páginas 241-259 aRecomendado para público adulto  aIncluye datos biográficos de la autora en la solapa172LEMBaConflicto armado zColombia 172LEMBaMovimientos sociales zChocó (Departamento, Colombia) 172LEMBaLuchas socialeszChocó (Departamento, Colombia) 172LEMBaViolencia política zChocó (Departamento, Colombia) 172LEMBaAfrocolombianosxAspectos socialeszChocó (Departamento, Colombia)  4aBojayá (Chocó, Colombia) xVida social y costumbres 1 aGoldman, Marcioeprologuista